[Event "Düsseldorf II - Aachen"]
[Site "?"]
[Date "2024.02.18"]
[Round "6.1"]
[White "Coenen, Norbert"]
[Black "Levin, Felix"]
[Result "1/2-1/2"]
[WhiteElo "2264"]
[BlackElo "2440"]
[PlyCount "61"]
[EventDate "2024.??.??"]
[SourceVersionDate "2023.09.04"]

1. e4 c6 2. d4 d5 3. Nc3 dxe4 4. Nxe4 Bf5 5. Ng3 Bg6 6. Bc4 e6 7. N1e2 Bd6 8. Nf4 Nf6 9. O-O Qc7 10. Nxg6 hxg6 11. Re1 Nbd7 12. a4 a5 13. c3 Nb6 14. Bf1 Bf4 15. Bxf4 Qxf4 16. h3 O-O 17. Qb3 Qc7 18. Ne4 Nxe4 19. Rxe4 Nd5 20. Rae1 Rfd8 21. g3 Rab8 22. Re5 Rd6 23. h4 Nf6 24. Bg2 b6 25. Qc4 Rc8 26. Bf3 Qd8 27. Kg2 Nd7 28. R5e3 Nf6 29. Re5 Nd7 30. R5e3 Nf6 31. Re5 1/2-1/2

[Event "Düsseldorf II - Aachen"]
[Site "?"]
[Date "2024.02.18"]
[Round "6.2"]
[White "Braun, Christian"]
[Black "Ngo, Quang Thai"]
[Result "1/2-1/2"]
[WhiteElo "2406"]
[BlackElo "2094"]
[PlyCount "237"]
[EventDate "2024.??.??"]
[SourceVersionDate "2023.09.04"]

1. e4 c5 2. Nf3 e6 3. b3 a6 4. Bb2 d5 5. exd5 exd5 6. Qe2+ Be6 7. g3 Nf6 8. Ng5 Qe7 9. Nxe6 Qxe6 10. Bxf6 gxf6 11. Nc3 Be7 12. Bg2 d4 13. Nd5 Qxe2+ 14. Kxe2 Bd8 15. Rhe1 O-O 16. Kf1 Nc6 17. Nf4 Rc8 18. Bh3 Rb8 19. Nh5 Na7 20. a4 Nc8 21. Bxc8 Rxc8 22. d3 Rc6 23. Re4 Re6 24. Rg4+ Kh8 25. Re1 Re5 26. Rh4 Rxe1+ 27. Kxe1 f5 28. Rf4 Re8+ 29. Kf1 Re5 30. h3 Bg5 31. Rf3 Kg8 32. g4 fxg4 33. hxg4 Bd2 34. Nf6+ Kg7 35. Ne4 Bb4 36. Nd6 Re1+ 37. Kg2 f6 38. Ne4 Re2 39. Nxf6 Rxc2 40. Nh5+ Kg8 41. Nf4 Rc3 42. Ne6 h6 43. Rf8+ Kh7 44. Rb8 Rxd3 45. Rxb7+ Kg8 46. f4 a5 47. f5 Re3 48. Rg7+ Kh8 49. Rd7 Rxb3 50. f6 c4 51. Rxd4 Ba3 52. Rxc4 Rb6 53. Re4 Kg8 54. Re5 Bb2 55. f7+ Kxf7 56. Nd8+ Kf6 57. Rxa5 Rb4 58. Rf5+ Kg6 59. Rb5 Rxg4+ 60. Kf3 Rxa4 61. Rxb2 h5 62. Rb6+ Kf5 63. Rb5+ Kg6 64. Ne6 h4 65. Nf4+ Kf6 66. Kg4 h3 67. Rb6+ Ke7 68. Rh6 h2 69. Rxh2 Kd6 70. Kf5 Ra1 71. Rd2+ Kc5 72. Ke4 Ra4+ 73. Ke5 Ra8 74. Rc2+ Kb5 75. Nd5 Rh8 76. Rb2+ Kc5 77. Nf6 Kc4 78. Rg2 Ra8 79. Rg4+ Kd3 80. Rd4+ Kc2 81. Rh4 Kd3 82. Rh2 Ra1 83. Rh3+ Kc4 84. Re3 Ra5+ 85. Ke4 Ra4 86. Nd5 Kc5+ 87. Ke5 Rh4 88. Rc3+ Kb5 89. Nf4 Rh8 90. Rc7 Rh1 91. Kd6 Rh2 92. Rc3 Rh1 93. Kd5 Rd1+ 94. Nd3 Kb6 95. Rb3+ Kc7 96. Ke6 Rh1 97. Nf4 Re1+ 98. Kf6 Rf1 99. Ke5 Re1+ 100. Kd5 Rd1+ 101. Nd3 Rd2 102. Ke6 Re2+ 103. Ne5 Rc2 104. Rb1 Rh2 105. Rd1 Rh6+ 106. Ke7 Rh7+ 107. Nf7 Kc6 108. Ke6 Kc5 109. Rd5+ Kc4 110. Ne5+ Kc3 111. Rd3+ Kc2 112. Rg3 Ra7 113. Nc4 Ra8 114. Ne3+ Kd3 115. Nf5+ Kc4 116. Nd6+ Kd4 117. Rg4+ Kd3 118. Nb5 Rh8 119. Nd6 1/2-1/2

[Event "Düsseldorf II - Aachen"]
[Site "?"]
[Date "2024.02.18"]
[Round "6.3"]
[White "Bodicky, Michal"]
[Black "De Gleria, Francesco"]
[Result "0-1"]
[WhiteElo "2218"]
[BlackElo "2370"]
[PlyCount "112"]
[EventDate "2024.??.??"]
[SourceVersionDate "2023.09.04"]

1. d4 Nf6 2. Bg5 d5 3. e3 e6 4. Nd2 c5 5. c3 Nc6 6. Ngf3 Bd6 7. Bd3 e5 8. dxe5 Nxe5 9. Nxe5 Bxe5 10. Nf3 Bc7 11. Bb5+ Kf8 12. Bxf6 gxf6 13. Nh4 Qd6 14. g3 Qe5 15. Be2 Rg8 16. Qd3 Bd7 17. Qxh7 f5 18. Qh6+ Ke7 19. O-O-O Be6 20. Qf4 Qxf4 21. exf4 Rad8 22. Rhe1 Kf6 23. Nf3 d4 24. c4 b5 25. b3 Ba5 26. Rg1 bxc4 27. Bxc4 Bxc4 28. bxc4 Bc3 29. Kc2 Rd6 30. Ne5 Ra6 31. Nd7+ Ke7 32. Nxc5 Rxa2+ 33. Kd3 Rb8 34. Rge1+ Kd6 35. Re5 Rb1 36. Rxf5 Rxd1+ 37. Ke4 Re2+ 38. Kf3 Re7 39. Ne4+ Kc7 40. Rc5+ Kd8 41. f5 Rd3+ 42. Ke2 Rd2+ 43. Kf3 Rd3+ 44. Ke2 Re3+ 45. fxe3 Rxe4 46. Rd5+ Ke7 47. h4 Rxe3+ 48. Kf2 Be1+ 49. Kf1 d3 50. h5 d2 51. g4 Rg3 52. Ke2 Rxg4 53. c5 Re4+ 54. Kd1 Rc4 55. h6 Rc1+ 56. Ke2 d1=Q+ 0-1

[Event "Düsseldorf II - Aachen"]
[Site "?"]
[Date "2024.02.18"]
[Round "6.4"]
[White "Hoenig, Alexander"]
[Black "Lamby, Philipp"]
[Result "0-1"]
[WhiteElo "2177"]
[BlackElo "2185"]
[PlyCount "70"]
[EventDate "2024.??.??"]
[SourceVersionDate "2023.09.04"]

1. Nf3 d5 2. d4 Nf6 3. c4 e6 4. Nc3 c5 5. e3 a6 6. a3 dxc4 7. Bxc4 b5 8. Be2 Bb7 9. O-O Nbd7 10. a4 b4 11. Na2 Bd6 12. dxc5 Bxc5 13. Bd2 a5 14. Nc1 O-O 15. Nd3 Ba7 16. Be1 Qe7 17. Rc1 Nc5 18. Nxc5 Bxc5 19. Ne5 Rfd8 20. Qb3 Ne4 21. Bb5 Rac8 22. Rc2 Nd6 23. Bd3 Qg5 24. f4 Bxe3+ 25. Kh1 Bxf4 26. Nf3 Qh5 27. Bh4 Bd5 28. Rxc8 Rxc8 29. Qd1 Rc1 30. Qe2 Bxf3 31. Qxf3 Qxh4 32. g3 Bxg3 33. Qa8+ Rc8 34. Qg2 Be5 35. Qe2 f6 0-1

[Event "Düsseldorf II - Aachen"]
[Site "?"]
[Date "2024.02.18"]
[Round "6.5"]
[White "Huesmann, Thomas"]
[Black "von Buenau, Heinrich"]
[Result "1-0"]
[WhiteElo "2144"]
[BlackElo "2188"]
[PlyCount "113"]
[EventDate "2024.??.??"]
[SourceVersionDate "2023.09.04"]

1. e4 e6 2. d4 d5 3. Nc3 Nc6 4. Nf3 Nf6 5. Bg5 Be7 6. e5 Ne4 7. Bxe7 Qxe7 8. a3 Bd7 9. Qd3 Ng5 10. Nxg5 Qxg5 11. g3 f5 12. f4 Qe7 13. Bg2 Qf7 14. O-O O-O 15. Nd1 Ne7 16. Ne3 Rfd8 17. b3 Bc6 18. Rad1 Qe8 19. Rf2 Bb5 20. Qd2 Ba6 21. h3 Rac8 22. g4 g6 23. c4 c6 24. c5 b6 25. Rc1 Rb8 26. b4 Qd7 27. g5 Bc4 28. Bf3 b5 29. h4 Ra8 30. h5 Kg7 31. Rh2 Rh8 32. Bd1 a5 33. bxa5 Qa7 34. Qb4 Qxa5 35. Qxa5 Rxa5 36. Rc3 b4 37. axb4 Ra1 38. h6+ Kf7 39. Rb2 Rha8 40. Kf2 Bb5 41. Be2 Ke8 42. Nf1 Kd7 43. Nd2 Bxe2 44. Kxe2 Rb8 45. Rcb3 Nc8 46. b5 cxb5 47. Rxb5 Rxb5 48. Rxb5 Kc7 49. Nb3 Rb1 50. Kd2 Na7 51. Ra5 Nc6 52. Ra3 Rf1 53. Ra8 Rxf4 54. Rh8 Ne7 55. Rxh7 Kd8 56. Rg7 Ke8 57. h7 1-0

[Event "Düsseldorf II - Aachen"]
[Site "?"]
[Date "2024.02.18"]
[Round "6.6"]
[White "Klaska, Philipp Leon"]
[Black "Breitkopf-Lazar, Patrick-Robert"]
[Result "1/2-1/2"]
[WhiteElo "2105"]
[BlackElo "1727"]
[PlyCount "38"]
[EventDate "2024.??.??"]
[SourceVersionDate "2023.09.04"]

1. d4 Nf6 2. Nc3 d5 3. Bg5 e6 4. e4 dxe4 5. Nxe4 Be7 6. Bxf6 Bxf6 7. Nf3 O-O 8. c3 Nd7 9. Bd3 e5 10. O-O exd4 11. Nxf6+ Qxf6 12. Nxd4 Ne5 13. Be4 Rb8 14. Re1 g6 15. h3 c5 16. Nf3 Rd8 17. Qe2 Be6 18. Nxe5 Qxe5 19. Qf3 Qg5 1/2-1/2

[Event "Düsseldorf II - Aachen"]
[Site "?"]
[Date "2024.02.18"]
[Round "6.7"]
[White "Jablonowski, Christoph"]
[Black "Mueller, Michael"]
[Result "0-1"]
[WhiteElo "2014"]
[BlackElo "2175"]
[PlyCount "74"]
[EventDate "2024.??.??"]
[SourceVersionDate "2023.09.04"]

1. Nf3 e6 2. g3 b5 3. e4 Bb7 4. Qe2 b4 5. Bg2 Nf6 6. e5 Nd5 7. O-O Be7 8. Re1 O-O 9. c4 bxc3 10. bxc3 f6 11. d4 c5 12. exf6 gxf6 13. Bh6 Rf7 14. Bh3 Nc6 15. dxc5 Bxc5 16. Nd4 Ne5 17. Qh5 Nxc3 18. Rxe5 fxe5 19. Nxe6 Bxf2+ 20. Kf1 dxe6 21. Nxc3 Qd3+ 22. Ne2 Be3+ 23. Bf4 exf4 24. Bxe6 Raf8 25. gxf4 Qe4 26. Bxf7+ Rxf7 27. Qg5+ Qg6 28. Qxg6+ hxg6 29. Rd1 g5 30. Rd6 gxf4 31. Nd4 Be4 32. Ne6 f3 33. Rd8+ Kh7 34. Nf8+ Kh6 35. Rd6+ Kh5 36. Ne6 f2 37. Rd1 Re7 0-1

[Event "Düsseldorf II - Aachen"]
[Site "?"]
[Date "2024.02.18"]
[Round "6.8"]
[White "Wiedenbruch, Paul"]
[Black "Winkels, Marcel"]
[Result "0-1"]
[WhiteElo "2024"]
[BlackElo "1896"]
[PlyCount "77"]
[EventDate "2024.??.??"]
[SourceVersionDate "2023.09.04"]

1. e4 c5 2. Nf3 d6 3. d4 cxd4 4. Nxd4 Nf6 5. Nc3 a6 6. Rg1 e5 7. Nb3 h5 8. h3 h4 9. g4 hxg3 10. Rxg3 Be6 11. Bg2 Nbd7 12. Qe2 Nh5 13. Rf3 Be7 14. Bd2 Nf4 15. Qf1 g5 16. Rg3 g4 17. hxg4 Bh4 18. Bxf4 exf4 19. Rf3 Ne5 20. Rxf4 Bg5 21. Rf5 Bxf5 22. exf5 Nxg4 23. Qe2+ Qe7 24. Ne4 Ne5 25. f6 Bxf6 26. O-O-O O-O-O 27. Na5 d5 28. Nc3 Nc6 29. Qg4+ Qe6 30. Qa4 Bxc3 31. bxc3 Rh2 32. Bf3 Rxf2 33. Nxc6 Qxc6 34. Qg4+ Qe6 35. Qf4 f5 36. c4 Qf6 37. Kb1 Qc3 38. Qxf5+ Kb8 39. Rd3 0-1

[Event "Iserlohn - Essen-Werden"]
[Site "?"]
[Date "2024.02.18"]
[Round "6.1"]
[White "Kaufeld, Juergen"]
[Black "Scheider, Julian"]
[Result "1/2-1/2"]
[WhiteElo "2264"]
[BlackElo "2296"]
[PlyCount "62"]
[EventDate "2024.??.??"]
[SourceVersionDate "2023.09.04"]

1. d4 Nf6 2. c4 c5 3. d5 b5 4. Qc2 Na6 5. cxb5 Nb4 6. Qd1 Nbxd5 7. e4 Nc7 8. Nc3 Bb7 9. e5 Nfd5 10. Nf3 e6 11. Bd3 Be7 12. h4 h6 13. Rh3 Nxc3 14. bxc3 d6 15. Qe2 dxe5 16. Nxe5 Bf6 17. Qh5 Rf8 18. Bf4 Qe7 19. O-O-O O-O-O 20. Nc6 Bxc6 21. bxc6 Rd5 22. Qe2 c4 23. Bxc4 Qa3+ 24. Kb1 Rfd8 25. Rhd3 Bxc3 26. Rxd5 exd5 27. Bxc7 Qb4+ 28. Kc1 Qa3+ 29. Kb1 Qb4+ 30. Kc1 Qa3+ 31. Kb1 Qb4+ 1/2-1/2

[Event "Iserlohn - Essen-Werden"]
[Site "?"]
[Date "2024.02.18"]
[Round "6.2"]
[White "Eckardt, Joshua"]
[Black "Roth, Markus"]
[Result "1-0"]
[WhiteElo "2246"]
[BlackElo "2182"]
[PlyCount "37"]
[EventDate "2024.??.??"]
[SourceVersionDate "2023.09.04"]

1. d4 d5 2. c4 dxc4 3. e4 Nc6 4. d5 Ne5 5. Bxc4 Nxc4 6. Qa4+ c6 7. Qxc4 cxd5 8. exd5 Nf6 9. Nc3 g6 10. Nb5 Bf5 11. Nc7+ Kd7 12. Nxa8 Qxa8 13. Nf3 Ke8 14. O-O Bg7 15. Re1 Kf8 16. d6 e6 17. Be3 Be4 18. Rac1 Qe8 19. Bc5 1-0

[Event "Iserlohn - Essen-Werden"]
[Site "?"]
[Date "2024.02.18"]
[Round "6.3"]
[White "Mann, Gergely"]
[Black "Schulze, Marc"]
[Result "1/2-1/2"]
[WhiteElo "2047"]
[BlackElo "2228"]
[PlyCount "63"]
[EventDate "2024.??.??"]
[SourceVersionDate "2023.09.04"]

1. d4 Nf6 2. c4 g6 3. Nc3 Bg7 4. e4 O-O 5. f4 d6 6. Nf3 e5 7. fxe5 dxe5 8. d5 c6 9. Bd3 Na6 10. O-O Nh5 11. Be3 cxd5 12. cxd5 Nf4 13. Rc1 Bg4 14. h3 Bd7 15. Kh1 g5 16. Nh2 Qa5 17. a3 Rac8 18. Be2 Nc7 19. Bg4 Bxg4 20. Qxg4 h6 21. Qf5 Nb5 22. b4 Qa6 23. Nxb5 Rxc1 24. Rxc1 Qxb5 25. Bxf4 exf4 26. Nf3 Qd3 27. Rc7 Qxa3 28. Rxb7 Bd4 29. Nxd4 Qa1+ 30. Kh2 Qxd4 31. h4 Qe3 32. hxg5 1/2-1/2

[Event "Iserlohn - Essen-Werden"]
[Site "?"]
[Date "2024.02.18"]
[Round "6.4"]
[White "Schmuecker, Marcus"]
[Black "Berger, Konstantin"]
[Result "1-0"]
[WhiteElo "2153"]
[BlackElo "2081"]
[PlyCount "65"]
[EventDate "2024.??.??"]
[SourceVersionDate "2023.09.04"]

1. d4 Nf6 2. c4 g6 3. Nc3 d5 4. Nf3 Bg7 5. Bg5 Ne4 6. Bf4 Nxc3 7. bxc3 dxc4 8. e3 Be6 9. Qb1 c5 10. Qxb7 Bd5 11. Qb5+ Nd7 12. Bxc4 Bxf3 13. gxf3 O-O 14. Be2 e5 15. dxe5 Qe7 16. O-O Nxe5 17. Rab1 Rfd8 18. Rfd1 h5 19. Qb7 Qe6 20. Kg2 Qxa2 21. Rb2 Qa5 22. Bxe5 Bxe5 23. Rd5 Rab8 24. Rxe5 Rxb7 25. Rxb7 Qxc3 26. Ree7 Rd2 27. Rxf7 a5 28. Rfc7 Rd8 29. Bb5 Qe5 30. Bc4+ Kf8 31. Rf7+ Ke8 32. Bb5+ Rd7 33. Rfxd7 1-0

[Event "Iserlohn - Essen-Werden"]
[Site "?"]
[Date "2024.02.18"]
[Round "6.5"]
[White "ter Steeg, Marcus"]
[Black "Kind, Bertram"]
[Result "1-0"]
[WhiteElo "1927"]
[BlackElo "2164"]
[PlyCount "109"]
[EventDate "2024.??.??"]
[SourceVersionDate "2023.09.04"]

1. d4 Nf6 2. c4 e6 3. Nf3 c5 4. d5 exd5 5. cxd5 d6 6. Nc3 g6 7. Bf4 a6 8. a4 Bg7 9. h3 O-O 10. e3 Qe7 11. Nd2 Nbd7 12. Be2 Ne8 13. Nc4 Ne5 14. Nb6 Rb8 15. O-O f5 16. Bh2 Nf6 17. Qc2 Nfd7 18. Nxc8 Rbxc8 19. Rfe1 Rce8 20. Bf1 Qf6 21. Ne2 Nf7 22. Rad1 g5 23. b3 Kh8 24. Ng3 Nh6 25. Bd3 Ne5 26. Nh5 Qg6 27. Nxg7 Qxg7 28. Be2 Rg8 29. Bh5 Ref8 30. f4 Nef7 31. fxg5 Qxg5 32. Qb2+ Rg7 33. Bf3 Re8 34. Bf4 Qh4 35. Qf2 Qf6 36. e4 Ne5 37. exf5 Nxf5 38. Bxe5 Rxe5 39. Bg4 Rxe1+ 40. Rxe1 Rg5 41. Rf1 Qd4 42. Bxf5 Qxd5 43. Qf3 Qd2 44. Bg4 Rg6 45. Qf8+ Rg8 46. Qf6+ Rg7 47. Qe6 Qg5 48. Rf8+ Rg8 49. Rxg8+ Qxg8 50. Qf6+ Qg7 51. Qd8+ Qg8 52. Qxd6 Qxb3 53. Qd8+ Qg8 54. Qxg8+ Kxg8 55. Bc8 1-0

[Event "Iserlohn - Essen-Werden"]
[Site "?"]
[Date "2024.02.18"]
[Round "6.6"]
[White "Glatzel, Jonas"]
[Black "Huette, Stefan"]
[Result "1/2-1/2"]
[WhiteElo "2060"]
[BlackElo "2050"]
[PlyCount "153"]
[EventDate "2024.??.??"]
[SourceVersionDate "2023.09.04"]

1. e4 e6 2. d4 d5 3. Nc3 dxe4 4. Nxe4 Nd7 5. Nf3 Ngf6 6. Bg5 Be7 7. Nxf6+ Nxf6 8. Bd3 h6 9. Bh4 Nh5 10. Bxe7 Qxe7 11. Qd2 Nf6 12. Ne5 Nd7 13. O-O-O Nxe5 14. dxe5 Bd7 15. Be4 O-O-O 16. Qe3 Kb8 17. Rd3 Bc8 18. Rhd1 Rxd3 19. Rxd3 Rd8 20. Rxd8 Qxd8 21. g3 Qe7 22. Bg2 c5 23. Qe4 Qc7 24. f4 Bd7 25. Qh7 Qa5 26. Qd3 Qe1+ 27. Qd1 Qxd1+ 28. Kxd1 b5 29. c3 Kc7 30. b4 cxb4 31. cxb4 Bc6 32. Bf1 Bf3+ 33. Kd2 Kc6 34. Kc3 Bd5 35. a3 Be4 36. Kd4 Bf3 37. Bd3 g6 38. Bc2 Kb6 39. Ke3 Bc6 40. g4 Bd7 41. h4 Kc7 42. Kd4 Kb6 43. Bb3 Be8 44. g5 hxg5 45. fxg5 Bd7 46. Bd1 Be8 47. h5 gxh5 48. Bxh5 Kc6 49. Be2 Kb6 50. Bd1 Bc6 51. Bb3 Bd7 52. Ke4 a5 53. Kf4 axb4 54. axb4 Kc7 55. g6 fxg6 56. Kg5 Kd8 57. Kf6 g5 58. Bxe6 g4 59. Bd5 g3 60. Bg2 Be8 61. Be4 Bd7 62. Bd5 Be8 63. Kf5 Bf7 64. e6 Be8 65. Kf6 Kc7 66. Ke7 Bh5 67. Bg2 Bg6 68. Kf6 Be8 69. Ke5 Bc6 70. Bxc6 Kxc6 71. Kf6 g2 72. e7 g1=Q 73. e8=Q+ Kb6 74. Qe6+ Kb7 75. Qd7+ Kb6 76. Qd8+ Kb7 77. Qd5+ 1/2-1/2

[Event "Iserlohn - Essen-Werden"]
[Site "?"]
[Date "2024.02.18"]
[Round "6.7"]
[White "Claussen, Uwe"]
[Black "Klauke, Stefan"]
[Result "0-1"]
[WhiteElo "2092"]
[BlackElo "2077"]
[PlyCount "98"]
[EventDate "2024.??.??"]
[SourceVersionDate "2023.09.04"]

1. e4 e5 2. Nf3 Nc6 3. d4 exd4 4. Bc4 Nf6 5. O-O Bc5 6. e5 Ng4 7. Bf4 O-O 8. h3 Nh6 9. Bxh6 gxh6 10. c3 d5 11. Bd3 f6 12. cxd4 Nxd4 13. Nxd4 Bxd4 14. Bxh7+ Kxh7 15. Qxd4 fxe5 16. Qxe5 Bf5 17. Nc3 c6 18. g4 Bg6 19. Qg3 Qb6 20. Rae1 Qxb2 21. Re7+ Rf7 22. Rxf7+ Bxf7 23. Rb1 Qd2 24. Rxb7 Qe1+ 25. Kg2 Qe6 26. Qf4 Kg8 27. Qd4 a5 28. Qc5 Rd8 29. Rb6 Rd6 30. Qd4 Rd8 31. Ra6 c5 32. Qd3 c4 33. Rxe6 cxd3 34. Rb6 Rc8 35. Nd1 Rc2 36. Rd6 Rxa2 37. Ne3 d2 38. Kf3 Ra4 39. Ke2 Rd4 40. Kd1 Be8 41. Rd8 Kf7 42. Rc8 Ba4+ 43. Nc2 Kf6 44. f4 Rxf4 45. Kxd2 Rf2+ 46. Kc1 Rxc2+ 47. Rxc2 Bxc2 48. Kxc2 a4 49. Kc3 Kg5 0-1

[Event "Nienberge - Krefeld"]
[Site "?"]
[Date "2024.02.18"]
[Round "6.1"]
[White "Gutkin, Ilya"]
[Black "Mikeladze, Berdia"]
[Result "1-0"]
[WhiteElo "2300"]
[BlackElo "2139"]
[PlyCount "61"]
[EventDate "2024.??.??"]
[SourceVersionDate "2023.09.04"]

1. Nf3 d5 2. g3 Nf6 3. Bg2 Nc6 4. d4 Bf5 5. c4 e6 6. O-O Be7 7. Nc3 O-O 8. Ne5 Ne4 9. Nxc6 bxc6 10. Nxe4 Bxe4 11. Bxe4 dxe4 12. Be3 f5 13. Qa4 Qd7 14. Rfd1 Rfd8 15. b4 Bf6 16. h4 a5 17. bxa5 Ra6 18. Rab1 h6 19. Bf4 Qc8 20. Be5 Bxe5 21. dxe5 Rf8 22. e3 Qa8 23. Rd7 Rxa5 24. Qd1 Qe8 25. Rxc7 Rf7 26. Rxf7 Kxf7 27. Rb7+ Kg8 28. Qd6 Kh7 29. Qc7 Qg6 30. Qxa5 f4 31. Qc7 1-0

[Event "Nienberge - Krefeld"]
[Site "?"]
[Date "2024.02.18"]
[Round "6.2"]
[White "Remmeke, Hans"]
[Black "Ricken, Katharina"]
[Result "1/2-1/2"]
[WhiteElo "2090"]
[BlackElo "2200"]
[PlyCount "28"]
[EventDate "2024.??.??"]
[SourceVersionDate "2023.09.04"]

1. d4 e6 2. Bf4 c5 3. e3 cxd4 4. exd4 Nf6 5. Nf3 b6 6. Be2 Bb7 7. O-O Be7 8. Re1 O-O 9. a4 a6 10. Na3 d6 11. c3 Nd5 12. Bc1 Nf6 13. Bf4 Nd5 14. Bc1 Nf6 1/2-1/2

[Event "Nienberge - Krefeld"]
[Site "?"]
[Date "2024.02.18"]
[Round "6.3"]
[White "Hopman, Pieter"]
[Black "Ringwelski, Marius"]
[Result "1-0"]
[WhiteElo "2293"]
[BlackElo "1954"]
[PlyCount "101"]
[EventDate "2024.??.??"]
[SourceVersionDate "2023.09.04"]

1. d4 Nf6 2. c4 e6 3. Nc3 Bb4 4. Qc2 Nc6 5. Nf3 d6 6. Bd2 O-O 7. O-O-O Qe7 8. e3 Re8 9. h3 e5 10. g4 a5 11. g5 Bxc3 12. bxc3 Nd7 13. Rg1 Nf8 14. Rg3 Bd7 15. Kb2 Na7 16. Ka1 e4 17. Ng1 c6 18. h4 b5 19. Rb1 bxc4 20. Bxc4 d5 21. Bf1 c5 22. Ne2 c4 23. Nf4 Qd6 24. Bh3 Bc6 25. f3 Nb5 26. Bc1 exf3 27. Rxf3 Reb8 28. Rf2 Na3 29. Bxa3 Qxa3 30. Qc1 Rxb1+ 31. Kxb1 Rb8+ 32. Rb2 Rxb2+ 33. Qxb2 Qe7 34. Qf2 Ng6 35. Bg2 Nxf4 36. exf4 g6 37. Bf3 Qd7 38. Kb2 Qb7+ 39. Kc1 a4 40. h5 gxh5 41. Bxh5 a3 42. f5 Qe7 43. f6 Qe4 44. Qg3 Qe8 45. Bd1 Bd7 46. Bc2 Kh8 47. Kd2 Bc6 48. Qh4 Qg8 49. Ke1 Bd7 50. Kf2 Be6 51. Qh1 1-0

[Event "Nienberge - Krefeld"]
[Site "?"]
[Date "2024.02.18"]
[Round "6.4"]
[White "Emiroglu, Murat"]
[Black "Kabos, Tobias"]
[Result "0-1"]
[WhiteElo "2185"]
[BlackElo "2281"]
[PlyCount "70"]
[EventDate "2024.??.??"]
[SourceVersionDate "2023.09.04"]

1. e4 c6 2. d4 d5 3. exd5 cxd5 4. Bd3 Nc6 5. Nf3 Bg4 6. c3 Qc7 7. O-O e6 8. Re1 Bd6 9. h3 Bh5 10. a4 Nf6 11. Qe2 O-O 12. Na3 a6 13. Nc2 Rae8 14. Qe3 e5 15. dxe5 Nxe5 16. Nxe5 Bxe5 17. Qg5 h6 18. Qh4 Bg6 19. Bxg6 fxg6 20. Be3 Bh2+ 21. Kh1 Re4 22. f4 Bxf4 23. Bxf4 Rxf4 24. Re7 Qb8 25. Qe1 Ne4 26. Ne3 Rf2 27. Qd1 Rd2 28. Qb3 Nf2+ 29. Kg1 Nxh3+ 30. Kh1 b5 31. Nxd5 Kh8 32. c4 Nf2+ 33. Kg1 Nd3 34. Rf1 Rxf1+ 35. Kxf1 Qf8+ 0-1

[Event "Nienberge - Krefeld"]
[Site "?"]
[Date "2024.02.18"]
[Round "6.5"]
[White "van der Valk, Niklas"]
[Black "Gottkehaskamp, Stefan"]
[Result "1/2-1/2"]
[WhiteElo "2094"]
[BlackElo "2068"]
[PlyCount "45"]
[EventDate "2024.??.??"]
[SourceVersionDate "2023.09.04"]

1. e4 Nf6 2. e5 Nd5 3. d4 d6 4. Nf3 dxe5 5. Nxe5 c6 6. Be2 Nd7 7. Nxd7 Bxd7 8. c4 Nf6 9. Nc3 Bf5 10. Be3 e6 11. O-O Be7 12. Bf3 O-O 13. d5 exd5 14. cxd5 c5 15. Qb3 Qd7 16. Rad1 Bd6 17. Nb5 b6 18. Nxd6 Qxd6 19. g3 Bg4 20. Bf4 Qd7 21. Bxg4 Qxg4 22. Rfe1 Rad8 23. Kg2 1/2-1/2

[Event "Nienberge - Krefeld"]
[Site "?"]
[Date "2024.02.18"]
[Round "6.6"]
[White "Kemper, Georg"]
[Black "Reuter, Julian-Frank"]
[Result "0-1"]
[WhiteElo "1975"]
[BlackElo "2072"]
[PlyCount "132"]
[EventDate "2024.??.??"]
[SourceVersionDate "2023.09.04"]

1. d4 d5 2. c4 c6 3. Nf3 Nf6 4. Qb3 dxc4 5. Qxc4 Bf5 6. g3 e6 7. Bg2 Be7 8. O-O O-O 9. Nc3 Nbd7 10. Bf4 Rc8 11. Qb3 Qb6 12. Qxb6 Nxb6 13. Nh4 Bg4 14. h3 Bh5 15. g4 Bg6 16. Nxg6 hxg6 17. Bg3 Rfd8 18. Rfd1 Bd6 19. Bxd6 Rxd6 20. e3 Rd7 21. Kf1 Re8 22. b3 Nbd5 23. Na4 g5 24. Nc5 Rc7 25. Rac1 a5 26. a3 e5 27. Ne4 Nxe4 28. Bxe4 Nf6 29. Bg2 exd4 30. Rxd4 Re5 31. Ke1 Kf8 32. Rd8+ Ke7 33. Ra8 Rb5 34. a4 Rxb3 35. Rxa5 Rd7 36. Rd1 Rxd1+ 37. Kxd1 Rb2 38. Ke1 Ra2 39. Bf3 g6 40. Kf1 Nd7 41. Kg2 Kf6 42. Ra7 Nc5 43. a5 Rb2 44. a6 Nxa6 45. Bxc6 Nc5 46. Bd5 Rd2 47. Bxb7 Rd7 48. Ra6+ Nxa6 49. Bxa6 Ke5 50. Bb5 Ra7 51. Be8 Re7 52. Bc6 f5 53. gxf5 gxf5 54. Kg3 Rc7 55. Be8 Ke4 56. Bh5 Rc4 57. Bg6 Ke5 58. f3 Kf6 59. Bh7 Rc7 60. Bg8 Rc3 61. Kf2 Rc2+ 62. Kg3 Re2 63. e4 f4+ 64. Kg4 Rg2+ 65. Kh5 Rg3 66. e5+ Kxe5 0-1

[Event "Nienberge - Krefeld"]
[Site "?"]
[Date "2024.02.18"]
[Round "6.7"]
[White "Van Gool, Rudi"]
[Black "Haas, Kai Markus"]
[Result "1-0"]
[WhiteElo "2142"]
[BlackElo "1967"]
[PlyCount "101"]
[EventDate "2024.??.??"]
[SourceVersionDate "2023.09.04"]

1. d4 c5 2. d5 e5 3. e4 d6 4. Nc3 Be7 5. Nf3 Nd7 6. Nd2 Ngf6 7. a4 O-O 8. Bd3 Re8 9. Nc4 Nf8 10. h4 b6 11. a5 Rb8 12. axb6 axb6 13. Nb5 Ng6 14. g3 Rf8 15. Qe2 Ne8 16. Ne3 Nh8 17. Ra7 Bf6 18. Nf5 Bxf5 19. exf5 Ra8 20. Rxa8 Qxa8 21. Be4 Be7 22. O-O f6 23. Rd1 Nf7 24. Rd3 Qa1 25. Rd1 Qa6 26. Qf1 Qb7 27. Bd2 Nc7 28. Nxc7 Qxc7 29. Ra1 Rb8 30. Qb5 Kf8 31. Qc6 Bd8 32. Qxc7 Bxc7 33. Ra7 Bd8 34. Kg2 b5 35. Ra6 Bb6 36. Be3 b4 37. b3 Ke7 38. Bd3 Kd8 39. Kf3 Kc7 40. Ra1 Rg8 41. Bd2 Re8 42. Be4 Nd8 43. g4 Nf7 44. g5 Nd8 45. Rg1 Re7 46. Ke2 Kd7 47. g6 hxg6 48. fxg6 Ke8 49. h5 Kf8 50. h6 gxh6 51. g7+ 1-0

[Event "Nienberge - Krefeld"]
[Site "?"]
[Date "2024.02.18"]
[Round "6.8"]
[White "Wetterau, Georg"]
[Black "Schuricht, Emil Frederick"]
[Result "0-1"]
[WhiteElo "1837"]
[BlackElo "2040"]
[PlyCount "84"]
[EventDate "2024.??.??"]
[SourceVersionDate "2023.09.04"]

1. e4 c6 2. d4 d5 3. exd5 cxd5 4. c4 Nf6 5. Nc3 Nc6 6. cxd5 Nxd5 7. Be2 Bf5 8. Nxd5 Qxd5 9. Nf3 e6 10. O-O Be7 11. Be3 O-O 12. a3 Rfd8 13. Rc1 Bf6 14. Bc4 Qd6 15. Qb3 Na5 16. Qb5 Nxc4 17. Qxc4 Be4 18. Nd2 Bd5 19. Qc5 Qxc5 20. Rxc5 Rd7 21. Rfc1 Bc6 22. Nb3 Rad8 23. Na5 Bxd4 24. Bxd4 Rxd4 25. h3 Rd1+ 26. Rxd1 Rxd1+ 27. Kh2 Rd5 28. Nb3 Rxc5 29. Nxc5 g5 30. g3 Kg7 31. f4 Kf6 32. fxg5+ Kxg5 33. Kg1 Kf5 34. Kf2 b6 35. Nd3 Ke4 36. Nf4 e5 37. Nh5 Kd3 38. Ke1 Kc2 39. Nf6 Kxb2 40. Nxh7 Kxa3 41. Nf6 b5 42. Kd2 b4 0-1

[Event "Horst-Emscher - Godesberg"]
[Site "?"]
[Date "2024.02.18"]
[Round "6.1"]
[White "Seger, Ruediger"]
[Black "Kotter, Ralf"]
[Result "1/2-1/2"]
[WhiteElo "2268"]
[BlackElo "2350"]
[PlyCount "44"]
[EventDate "2024.??.??"]
[SourceVersionDate "2023.09.04"]

1. e4 c5 2. c3 Nf6 3. e5 Nd5 4. d4 cxd4 5. Nf3 Nc6 6. cxd4 d6 7. Bc4 dxe5 8. dxe5 Nb6 9. Qxd8+ Nxd8 10. Bd3 g6 11. Nc3 Bg7 12. h3 O-O 13. O-O Nc6 14. Bf4 Be6 15. Be4 Rac8 16. Rac1 Rfd8 17. Rfd1 Nc4 18. Bxc6 bxc6 19. b3 Nb6 20. Be3 Rxd1+ 21. Rxd1 h6 22. Rc1 Nd5 1/2-1/2

[Event "Horst-Emscher - Godesberg"]
[Site "?"]
[Date "2024.02.18"]
[Round "6.2"]
[White "Baerwolf, Steven"]
[Black "Koehler, Christian Friedrich"]
[Result "1/2-1/2"]
[WhiteElo "2235"]
[BlackElo "2201"]
[PlyCount "63"]
[EventDate "2024.??.??"]
[SourceVersionDate "2023.09.04"]

1. e4 c6 2. Nc3 d5 3. Nf3 Bg4 4. h3 Bxf3 5. Qxf3 Nf6 6. d4 dxe4 7. Qe3 g6 8. Nxe4 Bg7 9. c3 O-O 10. Nxf6+ Bxf6 11. h4 e5 12. dxe5 Bxe5 13. h5 Re8 14. Be2 Nd7 15. hxg6 hxg6 16. Qh3 Nf8 17. Be3 Qd7 18. g4 Rad8 19. Bd4 Bxd4 20. O-O-O Qe7 21. Rxd4 Qf6 22. Rxd8 Rxd8 23. Kb1 Ne6 24. Ka1 Kf8 25. Qe3 b6 26. Bc4 Rd6 27. a3 Qf4 28. Qe2 Rd2 29. Qe1 Rd6 30. Qe2 Rd2 31. Qe1 Rd6 32. Qe2 1/2-1/2